ISO 3-Letter Country Codes - Statistics

General Stats
  • This quiz has been taken 34 times
  • The average score is 10 of 18
Answer Stats
Code Country % Correct
GBR United Kingdom
88%
DEU Germany
84%
FSM Micronesia
76%
PRK North Korea
64%
MKD North Macedonia
64%
BIH Bosnia and Herzegovina
60%
ZAF South Africa
60%
CHE Switzerland
60%
HRV Croatia
56%
DZA Algeria
48%
KHM Cambodia
48%
TCD Chad
48%
GNQ Equatorial Guinea
48%
LKA Sri Lanka
40%
WSM Samoa
36%
ARE United Arab Emirates
32%
SLV El Salvador
24%
KNA St Kitts and Nevis
16%
No matching quizzes found
Score Distribution
Percent of People with Each Score
Percentile by Number Answered
Your Score History
You have not taken this quiz